| 000 | 00597nam a2200193 i 4500 | ||
|---|---|---|---|
| 001 | 190413 | ||
| 003 | ES-MaACL | ||
| 005 | 20250819063114.0 | ||
| 008 | 210323s2017 sp 000 f spa d | ||
| 020 | _a978-84-7768-316-2 | ||
| 080 | _a821.134.2(866)-31"19" | ||
| 100 | 1 |
_aAllo, José Luis, _d1951- _9171087 |
|
| 245 | 1 | 0 |
_aClara y Eduardo / _cJosé Luis Allo Falces. |
| 260 |
_a[Pamplona] : _bEunate, _c[2017] |
||
| 300 |
_a329 p. ; _c24 cm. |
||
| 852 |
_aES-MaACL _jA-14612 _9197590 _bR.152145 _cDEPO1 _dOlim: N-7612 _hDonacion: Editorial |
||
| 942 | _2udc | ||
| 999 |
_c190413 _d190413 |
||